| 000 | 00421 a2200145 4500 | ||
|---|---|---|---|
| 999 |
_c3274 _d3274 |
||
| 020 | _a9780471573753 | ||
| 050 | _aHQ 799 PER 1992 | ||
| 100 |
_aPerlmutter, Marion _eauthor |
||
| 245 |
_aAdult development and aging/ _cMarion Perlmutter |
||
| 264 |
_aNew York: _bJohn Wiley & Sons, _c1992 |
||
| 300 |
_axix;584p.: _bill.(col.) |
||
| 500 | _aIncludes index | ||
| 650 |
_aAdulthood _xAging |
||
| 942 |
_2lcc _cBK _e2nd. _h799 _iPER _kHQ |
||